00851nam a22002417a 4500999001500000001000500015003000900020005001700029008004100046040002800087082001800115100002200133245008600155250002000241260005700261300004500318504005100363650003100414650001200445650002100457942001500478952011600493 c4326d43263232BD-DhUAP20201108121936.0201108r19961988ii a b 001 0 eng d aDLCcDLCdBD-DhUAPbEng00223a523.1 HAW aHawking, Stephen. a A brief history of time : bfrom the big bang to black holes /cStephen Hawking. aBantam edition. aNew York : bBantam books,c©1988 [Reprinted 1996]. axi, 211 pages :billustrations ;c18 cm. aIncludes bibliographical references and index. aCosmology vSpace and time aPhysics aBig bang theory.00012ddccBK 00102ddc4070aUAPCLbUAPCLcGeneral Stacksd2020-11-08o523.1 HAWp3010003232r2020-11-08t1w2020-11-08yBK